| 000 | 00480nam a2200169 a 4500 | ||
|---|---|---|---|
| 005 | 20140412111413.0 | ||
| 008 | 070219s19uu xx 00 eng d | ||
| 020 | _a0-7614-3156-7 | ||
| 050 |
_aM 333.791 _bG82 2001 |
||
| 100 | _aGreen, Jen | ||
| 245 |
_aWhy should I save energy ? / _cJen Green. |
||
| 260 |
_aNew york : _bBarron's educational series, _c2001. |
||
| 300 | _a32 | ||
| 440 | _aWhy should I | ||
| 650 | _aEnergy conservation-Juvenile literature | ||
| 999 |
_c105736 _d105736 |
||